00509cam a22001577a 4500008004000000082001400040100002100054245008800075260004000163300001000203440001000213500001000223650001400233999001900247952008500266180718b1961 xxu||||| |||| 00| 0 eng d aB253 C273 aCassinelli, C.W. aPolitics of freedom: an analysis of the modern democratic statecby C.W. Cassinelli aSeattlebUniv. of Wash. Pressc1961 a214p. abibl. a$4.75 aDemocracy c361821d361821 00104070aIIPAbIIPAd1994-03-18oB253 C273p30621r2018-07-21w2018-07-21yBK